00297nam a2200109Ia 4500008004100000041000800041082000800049100004500057245002700102260004400129300001400173231228s1996 xx 000 0 und d aeng bDON aDONALDSON (Michael) and DONALDSON (mimi) aNegotiting for Dummies aNew DelhibMoscow Progress Pub. Bc1996 axxiv, 350